Every My Little Pony Character Quiz - Statistics

General Stats
  • This quiz has been taken 634 times
    64 since last reset
  • The average score is 51 of 189
Answer Stats
Answers % Correct
Applejack
97%
Twilight Sparkle
97%
Fluttershy
95%
Pinkie Pie
95%
Rainbow Dash
95%
Rarity
95%
Apple Bloom
85%
Discord
85%
Princess Celestia
85%
Princess Luna
85%
Big McIntosh
77%
Scootaloo
77%
Granny Smith
74%
Princess Cadance
74%
Shining Armor
72%
Sweetie Belle
72%
Spike
69%
Starlight Glimmer
69%
Diamond Tiara
62%
Maud Pie
62%
Trixie
62%
Nightmare Moon
59%
Silver Spoon
56%
Sunset Shimmer
56%
Queen Chrysalis
51%
Babs Seed
49%
Flurry Heart
49%
Bon Bon
46%
Derpy
46%
Snails
46%
Tirek
46%
Braeburn
44%
Bright McIntosh
44%
Carrot Cake
44%
Pear Butter
44%
Thorax
44%
Cozy Glow
41%
Cup Cake
41%
King Sombra
41%
Snips
41%
Starswirl
41%
Limestone Pie
38%
Lyra Heartstrings
38%
Marble Pie
38%
Spitfire
38%
Vinyl Scratch
38%
Yona
38%
Gilda
36%
Soarin
36%
Zephyr Breeze
36%
Cheese Sandwich
33%
Mayor Mare
33%
Moon Dancer
33%
Octavia
33%
Pipsqueak
33%
Prince Blueblood
33%
Cheerilee
31%
Daybreaker
31%
Fancy Pants
31%
Flam
31%
Flim
31%
Grand Pear
31%
Pound Cake
31%
Pumpkin Cake
31%
Sunburst
31%
Daring Do
28%
Goldie Delicious
28%
Lightning Dust
28%
Photo Finish
28%
Zecora
28%
Ember
26%
Filthy Rich
26%
Fleur De Lis
26%
Queen Novo
26%
Twilight Velvet
26%
Aunt Orange
23%
Bulk Biceps
23%
Featherweight
23%
Flash Sentry
23%
Gabby
23%
Gallus
23%
Matilda
23%
Mr. Shy
23%
Mrs. Shy
23%
Night Light
23%
Prince Rutherford
23%
Sandbar
23%
Somnambula
23%
Stygian
23%
Tree Hugger
23%
Uncle Orange
23%
Cloudy Quartz
21%
Coloratura
21%
Cranky Doodle
21%
Flash Magnus
21%
Igneous Rock
21%
Lemon Hearts
21%
Mistmane
21%
Pharynx
21%
Rockhoof
21%
Sapphire Shores
21%
Tempest Shadow
21%
Twist
21%
Ahuizotl
18%
Doctor Whooves
18%
Golden Delicious
18%
Mage Meadowbrook
18%
Ocellus
18%
Roseluck
18%
Silverstream
18%
Smolder
18%
Spoiled Rich
18%
Storm King
18%
Windy Whistles
18%
Chancellor Neighsay
15%
Cherry Jubilee
15%
Coco Pommel
15%
Garble
15%
Minuette
15%
Princess Skystar
15%
Twinkleshine
15%
Aloe
13%
Blaze
13%
Bow Hothoof
13%
Dr. Caballeron
13%
Grampa Gruff
13%
Grogar
13%
Hoity Toity
13%
Little Strongheart
13%
Lotus Blossom
13%
Nurse Redheart
13%
Rumble
13%
Apple Fritter
10%
Fleetfoot
10%
Golden Harvest
10%
Jet Set
10%
Lily
10%
Luster Dawn
10%
Trenderhoof
10%
Amethyst Star
8%
Apple Bumpkin
8%
Apple Tart
8%
Berryshine
8%
Button Mash
8%
Chief Thunderhooves
8%
Cookie Crumbles
8%
Gladmane
8%
Mane-iac
8%
Mulia Mild
8%
Steven Magnet
8%
Tantabus
8%
Terramar
8%
Wind Rider
8%
Zipporwhill
8%
Burnt Oak
5%
Caramel Apple
5%
Daisy
5%
Donut Joe
5%
Gustave le Grande
5%
Hondo Flanks
5%
Prim Hemline
5%
Red Delicious
5%
Sludge
5%
Songbird Serenade
5%
Torch
5%
Upper Crust
5%
Zesty Gourmand
5%
Apple Brioche
3%
Apple Brown Betty
3%
Apple Cinnamon Crisp
3%
Apple Cobbler
3%
Apple Strudle
3%
Baked Apples
3%
Beauty Brass
3%
Clump
3%
Doctor Horse
3%
Dr. Fauna
3%
Fume
3%
Inky Rose
3%
Li'l Cheese
3%
Lily Lace
3%
Miss Harshwhinny
3%
Ocean Flow
3%
Red Gala
3%
Sans Smirk
3%
Sheriff Silverstar
3%
Shoeshine
3%
Sky Beak
3%
Starstreak
3%
No matching quizzes found
Score Distribution
Percent of People with Each Score
Percentile by Number Answered
Your Score History
You have not taken this quiz since the last reset